000 00700nam a2200229 a 4500
005 20240228064307.0
008 170907s2008 es r 000 0 spa d
020 _a9788444170930
035 _aUPN01000220340
049 _aI
050 4 _aQL49
_bP3.4
100 1 _aPalomo, Carmen,
_d1966-
_938694
245 1 4 _aLos animales del zoo /
_cCarmen Palomo ; il. Rebeca Rodrigo.
260 _aMadrid :
_bEverest,
_c[2008].
300 _a[24] p. :
_bprincipalmente il. col.
440 4 _aLos cuentos de Pin y Tito
650 7 _aAnimales
_vLiteratura infantil
_2
_91061
650 4 _aLibros y lectura para niƱos
_92290
700 1 _aRodrigo, Rebeca,
_eil.
905 _aInfantil
999 _c192439
_d192439